[Event "US Masters op"]
[Site "Greensboro"]
[Date "2019.08.23"]
[Round "4"]
[White "Wu, Rochelle"]
[Black "Prabhu, Naveen"]
[Result "1-0"]
[WhiteElo "2161"]
[BlackElo "1686"]
[PlyCount "135"]
[EventDate "2019.08.21"]
[EventType "swiss"]
[EventRounds "9"]
[EventCountry "USA"]
[SourceTitle "EXT 2020"]
[Source "ChessBase"]
[SourceDate "2019.10.17"]
[SourceVersion "1"]
[SourceVersionDate "2019.10.17"]
[SourceQuality "1"]

1. d4 d5 2. c4 c6 3. Nc3 Nf6 4. cxd5 cxd5 5. Bf4 Nc6 6. e3 a6 7. Rc1 e6 8. Nf3 Bd6 9. Bxd6 Qxd6 10. Be2 0-0 11. 0-0 b5 12. a4 b4 13. Nb1 Bd7 14. Nbd2 Rfc8 15. Nb3 Ne4 16. Nfd2 Nxd2 17. Qxd2 a5 18. Nc5 Nd8 19. f4 Rc7 20. Rc2 Nb7 21. Rfc1 Nxc5 22. dxc5 Qe7 23. c6 Be8 24. Qd4 Qd6 25. Bb5 f6 26. g3 Rd8 27. Qb6 Bg6 28. Rd2 Ra8 29. Rc5 h6 30. Rc1 Qd8 31. Ba6 Qb8 32. Qxb8+ Rxb8 33. Bb7 Be8 34. Rdc2 Rd8 35. Rc5 Rd6 36. Ba8 Kf8 37. Rxa5 Ke7 38. Rb5 d4 39. Rb7 Kd8 40. exd4 Rxd4 41. a5 Kc8 42. Rxc7+ Kxc7 43. a6 Rd5 44. Ra1 Rd8 45. Bb7 Bxc6 46. Rc1 Rd6 47. Rc4 Kb6 48. Bxc6 Rxc6 49. a7 Rxc4 50. a8Q Rc1+ 51. Kg2 Rc2+ 52. Kh3 Rxb2 53. Qa1 Rd2 54. Qe1 Rd4 55. Qxe6+ Kb5 56. Qf7 Rd3 57. Qxg7 b3 58. Qxf6 Rd2 59. Qc3 b2 60. Qb3+ Kc5 61. f5 Kd6 62. f6 Kd7 63. Qf7+ Kd6 64. Qe7+ Kc6 65. Qe4+ Kd7 66. f7 Rf2 67. Qd4+ Kc7 68. Qxf2 1-0

[Event "US Open-120"]
[Site "Orlando"]
[Date "2019.08.09"]
[Round "6"]
[White "Zhong, Howard"]
[Black "Prabhu, Naveen"]
[Result "1-0"]
[WhiteElo "2035"]
[BlackElo "1686"]
[PlyCount "65"]
[EventDate "2019.08.03"]
[EventType "swiss"]
[EventRounds "9"]
[EventCountry "USA"]
[SourceTitle "CBM 191 Extra"]
[Source "ChessBase"]
[SourceDate "2019.09.30"]
[SourceVersion "1"]
[SourceVersionDate "2019.09.30"]
[SourceQuality "1"]

1. d4 d5 2. c4 c6 3. Nf3 e6 4. e3 Nf6 5. Nc3 Nbd7 6. Qc2 Bd6 7. b3 b6 8. Bb2 Bb7 9. Bd3 Rc8 10. Qe2 0-0 11. 0-0 c5 12. cxd5 exd5 13. Rfd1 Qe7 14. Rac1 Rfe8 15. Bf5 Rcd8 16. Qc2 g6 17. Bh3 cxd4 18. Nxd4 Qe5 19. g3 Qh5 20. Bg2 Ng4 21. h3 Nxe3 22. fxe3 Rxe3 23. Rd3 Rde8 24. Rxe3 Rxe3 25. Nce2 Ne5 26. Qd2 Rd3 27. Qe1 Bc5 28. Nf4 Nf3+ 29. Bxf3 Qxf3 30. Nxd3 Qxd3 31. Rxc5 bxc5 32. Qe8+ Kg7 33. Nf5# 1-0